The use of lime in British agriculture /

Guardado en:
Autor Principal: Gardner, H. W.
Otros Autores: Garner, H.V.
Formato: Libro
Idioma:English
Publicado: London : Farmer & Stock-Breeder [etc.], 1957.
Etiquetas: Agregar Etiqueta
Sin Etiquetas, Sea el primero en etiquetar este registro!
LEADER 00476nam a22001455a 4500
001 EEA.libagro002014
005 20150416131302.0
008 130809s1957####enka##########000#0#eng#d
082 0 4 |a 631.86 
100 1 |a Gardner, H. W. 
245 1 4 |a The use of lime in British agriculture /  |c H.W. Gardner, H.V. Garner. 
260 |a London :  |b Farmer & Stock-Breeder [etc.],  |c 1957. 
300 |a 216 p. :  |b il. ;  |c 22 cm. 
700 1 |a Garner, H.V. 
859 |a AR-BbBCA  |b BIB. AGRONOMIA  |h 631.86  |i G227  |p 1962/0004